[Event "World School-ch U17"]
[Site "Rhodes"]
[Date "2023.04.16"]
[Round "3"]
[White "Reyes Zavaleta, Fabian Ricardo"]
[Black "Reynard, Kristopher"]
[Result "1/2-1/2"]
[WhiteElo "2000"]
[BlackElo "1818"]
[PlyCount "120"]
[EventDate "2023.04.14"]
[EventType "swiss"]
[EventRounds "9"]
[EventCountry "GRE"]
[SourceTitle "EXT 2024"]
[Source "ChessBase"]
[SourceDate "2023.10.10"]
[SourceVersion "1"]
[SourceVersionDate "2023.10.10"]
[SourceQuality "1"]

1. d4 d5 2. c4 c6 3. Nf3 Nf6 4. e3 Bf5 5. Nc3 e6 6. Nh4 Be4 7. f3 Bg6 8. Qb3 Qb6 9. Nxg6 hxg6 10. Bd2 Nbd7 11. g3 Be7 12. Kf2 dxc4 13. Bxc4 0-0-0 14. Qc2 c5 15. Be2 Kb8 16. Na4 Qc6 17. Rac1 Rc8 18. Qd1 Qd5 19. Nc3 Qd6 20. Nb5 Qb6 21. a4 a6 22. a5 Qd8 23. Na3 cxd4 24. exd4 Rxc1 25. Qxc1 Nd5 26. Nc4 Qc7 27. Qc2 Bb4 28. Bxb4 Nxb4 29. Qb3 Nc6 30. Qc3 Nf6 31. h4 g5 32. Qe3 gxh4 33. gxh4 Nxa5 34. Nxa5 Qxa5 35. Rg1 Qf5 36. Rxg7 Rxh4 37. Qe5+ Qxe5 38. dxe5 Nd7 39. Rxf7 Nxe5 40. Rf6 Rb4 41. Rxe6 Nd7 42. Bxa6 bxa6 43. Rxa6 Rxb2+ 44. Kg3 Kc7 45. Re6 Nc5 46. Re3 Kd6 47. f4 Ne6 48. Kg4 Rb4 49. Rf3 Ke7 50. Rf2 Kf6 51. Rf1 Rb8 52. Ra1 Rg8+ 53. Kf3 Rh8 54. Kg4 Rg8+ 55. Kf3 Rb8 56. Kg4 Rb4 57. Rf1 Rd4 58. Rf2 Rd1 59. Ra2 Rf1 60. Ra4 Rxf4+ 1/2-1/2

[Event "Tanglin op"]
[Site "Singapore"]
[Date "2022.05.31"]
[Round "6"]
[White "Reynard, Kristopher"]
[Black "Wong, Zhenyong Jayden"]
[Result "0-1"]
[WhiteElo "1857"]
[BlackElo "2216"]
[PlyCount "96"]
[EventDate "2022.05.28"]
[EventType "swiss"]
[EventRounds "9"]
[EventCountry "SIN"]
[SourceTitle "CBM 208 Extra"]
[Source "ChessBase"]
[SourceDate "2022.07.31"]
[SourceVersion "1"]
[SourceVersionDate "2022.07.31"]
[SourceQuality "1"]

1. d4 Nf6 2. Bf4 c5 3. e3 Nd5 4. Bxb8 Rxb8 5. c4 Nf6 6. Nc3 cxd4 7. Qxd4 Qa5 8. Nf3 e6 9. a3 Be7 10. Be2 0-0 11. 0-0 a6 12. Rfd1 d6 13. b4 Qc7 14. Rac1 b6 15. Nd2 Rd8 16. Bf3 Bb7 17. Bxb7 Qxb7 18. e4 Rbc8 19. Nf1 Ng4 20. Na4 b5 21. cxb5 axb5 22. Rxc8 Rxc8 23. h3 Nf6 24. Nc3 Rc4 25. Qd3 Nxe4 26. Nxe4 Qxe4 27. Qxe4 Rxe4 28. Ne3 f5 29. Rc1 f4 30. Rc8+ Kf7 31. Nf1 Re1 32. g3 fxg3 33. fxg3 d5 34. Rb8 Ra1 35. Rxb5 Rxa3 36. Rb7 Kf6 37. Kf2 Rb3 38. b5 e5 39. Ke2 Bc5 40. Rd7 Rb2+ 41. Kd1 Ke6 42. Rxg7 e4 43. g4 Rb1+ 44. Ke2 d4 45. Ng3 d3+ 46. Kd2 Bb4+ 47. Ke3 Re1+ 48. Kf4 Bd2# 0-1

[Event "Tanglin op"]
[Site "Singapore"]
[Date "2022.05.29"]
[Round "3"]
[White "Suryavarman, Chandrasekar"]
[Black "Reynard, Kristopher"]
[Result "0-1"]
[WhiteElo "1408"]
[BlackElo "1857"]
[PlyCount "103"]
[EventDate "2022.05.28"]
[EventType "swiss"]
[EventRounds "9"]
[EventCountry "SIN"]
[SourceTitle "CBM 208 Extra"]
[Source "ChessBase"]
[SourceDate "2022.07.31"]
[SourceVersion "1"]
[SourceVersionDate "2022.07.31"]
[SourceQuality "1"]

1. e4 d5 2. exd5 Nf6 3. Nc3 Nxd5 4. Nxd5 Qxd5 5. Nf3 Nc6 6. d3 Bg4 7. Be2 e5 8. Be3 0-0-0 9. 0-0 Bc5 10. Bxc5 Qxc5 11. Re1 e4 12. Nh4 Bxe2 13. Qxe2 exd3 14. cxd3 h5 15. Rad1 Rd5 16. Nf3 Rhd8 17. d4 Qa5 18. a3 Nxd4 19. Nxd4 Rxd4 20. Rxd4 Rxd4 21. Rf1 Qf5 22. Qe3 Qf4 23. Qh3+ Qg4 24. Qe3 Qd7 25. h3 b6 26. Rc1 Kb7 27. Qf3+ Qd5 28. Qg3 Rd1+ 29. Rxd1 Qxd1+ 30. Kh2 Qd6 31. f4 g6 32. Qf3+ Kb8 33. Qe3 Kb7 34. Qe4+ c6 35. b4 g5 36. g3 g4 37. hxg4 hxg4 38. b5 Qd2+ 39. Kg1 Qd1+ 40. Kh2 Qd2+ 41. Kg1 Qc1+ 42. Kf2 Qb2+ 43. Ke1 Qxb5 44. Qe7+ Ka6 45. Qxf7 Qd3 46. Qf8 Qxg3+ 47. Kd2 Qf2+ 48. Kc3 g3 49. Qc8+ Ka5 50. a4 g2 51. Qc7 a6 52. Qe7 0-1

[Event "Bekasi Scua op 1st"]
[Site "Bekasi"]
[Date "2022.01.15"]
[Round "6"]
[White "Marentek, Hanny"]
[Black "Reynard, Kristopher"]
[Result "1/2-1/2"]
[WhiteElo "2061"]
[BlackElo "1814"]
[PlyCount "110"]
[EventDate "2022.01.12"]
[EventType "swiss"]
[EventRounds "9"]
[EventCountry "INA"]
[SourceTitle "CBM 206 Extra"]
[Source "ChessBase"]
[SourceDate "2022.03.31"]
[SourceVersion "1"]
[SourceVersionDate "2022.03.31"]
[SourceQuality "1"]

1. d4 d5 2. c4 c6 3. Nc3 Nf6 4. cxd5 cxd5 5. Nf3 Nc6 6. Bg5 Ne4 7. Bf4 a6 8. e3 Bg4 9. Be2 e6 10. 0-0 Bd6 11. Bxd6 Qxd6 12. Nxe4 dxe4 13. Nd2 Bxe2 14. Qxe2 f5 15. Nc4 Qe7 16. Rfd1 0-0 17. d5 exd5 18. Nb6 Rad8 19. Nxd5 Qf7 20. Qc4 Rd7 21. Rd2 Rfd8 22. Rad1 Kh8 23. h3 Ne5 24. Qb3 b5 25. Rd4 Nd3 26. Nc7 Qxb3 27. axb3 Rxd4 28. exd4 Rxd4 29. Nxa6 Kg8 30. Kf1 Rd5 31. g3 b4 32. Ra1 Rd7 33. Ra4 Rd8 34. Nc7 Rc8 35. Ra7 Ne5 36. Ne6 g6 37. Rg7+ Kh8 38. Re7 h6 39. Nf4 g5 40. Rxe5 gxf4 41. gxf4 Rc2 42. Rxf5 Rxb2 43. Re5 Rxb3 44. Kg2 Kg7 45. Rxe4 Kg6 46. Re5 Rc3 47. Rb5 b3 48. h4 h5 49. Rg5+ Kh6 50. f5 Rc6 51. Rg3 Rb6 52. f6 Rxf6 53. Rxb3 Rf4 54. Kg3 Rg4+ 55. Kh3 Rf4 1/2-1/2

[Event "Bekasi Scua op 1st"]
[Site "Bekasi"]
[Date "2022.01.14"]
[Round "5"]
[White "Reynard, Kristopher"]
[Black "Aurellia, Vania Winanda"]
[Result "1-0"]
[WhiteElo "1814"]
[BlackElo "1784"]
[PlyCount "111"]
[EventDate "2022.01.12"]
[EventType "swiss"]
[EventRounds "9"]
[EventCountry "INA"]
[SourceTitle "CBM 206 Extra"]
[Source "ChessBase"]
[SourceDate "2022.03.31"]
[SourceVersion "1"]
[SourceVersionDate "2022.03.31"]
[SourceQuality "1"]

1. d4 Nf6 2. Bf4 g6 3. e3 Bg7 4. Nf3 0-0 5. h3 c5 6. c3 Qb6 7. Qb3 d6 8. Nbd2 Qxb3 9. axb3 Nc6 10. Be2 Re8 11. dxc5 dxc5 12. e4 a6 13. 0-0 h6 14. Rfe1 Be6 15. Bc4 Bxc4 16. Nxc4 b5 17. Nb6 Ra7 18. e5 Nh7 19. Be3 e6 20. Bxc5 a5 21. Nd4 Nxd4 22. Bxd4 Rb8 23. Nc4 bxc4 24. Bxa7 Rxb3 25. Rxa5 Rxb2 26. Rc5 Rb7 27. Rc8+ Bf8 28. Bc5 g5 29. Rd1 f6 30. Bxf8 Nxf8 31. Rdd8 Rf7 32. exf6 Rxf6 33. Rxc4 Kg7 34. Rc7+ Kg6 35. c4 e5 36. Re8 Kf5 37. c5 Ng6 38. c6 Nf4 39. Rcc8 Ke4 40. c7 Rc6 41. f3+ Kf5 42. Rf8+ Kg6 43. Rg8+ Kh5 44. Rxg5+ Kxg5 45. Rg8+ Ng6 46. c8Q Rxc8 47. Rxc8 h5 48. Rg8 Kf6 49. Rxg6+ Kxg6 50. h4 Kf5 51. Kf2 e4 52. Ke3 exf3 53. gxf3 Ke6 54. Ke4 Kf6 55. Kf4 Kg6 56. Ke5 1-0

[Event "Jakarta Peduli"]
[Site "Jakarta"]
[Date "2020.03.31"]
[Round "9"]
[White "Reynard, Kristopher"]
[Black "Febriana, Nita Nurmala"]
[Result "1/2-1/2"]
[WhiteElo "1809"]
[BlackElo "1857"]
[PlyCount "47"]
[EventDate "2020.03.28"]
[EventType "tourn"]
[EventRounds "10"]
[EventCountry "INA"]
[SourceTitle "CBM 195 Extra"]
[Source "ChessBase"]
[SourceDate "2020.05.31"]
[SourceVersion "1"]
[SourceVersionDate "2020.05.31"]
[SourceQuality "1"]

1. d4 d5 2. Bf4 e6 3. e3 Nf6 4. Nd2 c5 5. c3 Nc6 6. Ngf3 Bd6 7. Bg3 0-0 8. Bd3 b6 9. Ne5 Bb7 10. f4 h6 11. 0-0 Qc7 12. a4 Ne7 13. Qf3 Nf5 14. Bf2 Be7 15. Qh3 Ne4 16. Ndf3 Nfd6 17. g4 Qd8 18. Bh4 g5 19. Bg3 Kg7 20. f5 exf5 21. gxf5 Nxf5 22. Qxf5 Bc8 23. Bxe4 Bxf5 24. Bxf5 1/2-1/2

[Event "Jakarta Peduli"]
[Site "Jakarta"]
[Date "2020.03.29"]
[Round "4"]
[White "Febriana, Nita Nurmala"]
[Black "Reynard, Kristopher"]
[Result "1-0"]
[WhiteElo "1857"]
[BlackElo "1809"]
[PlyCount "101"]
[EventDate "2020.03.28"]
[EventType "tourn"]
[EventRounds "10"]
[EventCountry "INA"]
[SourceTitle "CBM 195 Extra"]
[Source "ChessBase"]
[SourceDate "2020.05.31"]
[SourceVersion "1"]
[SourceVersionDate "2020.05.31"]
[SourceQuality "1"]

1. e4 d5 2. exd5 Nf6 3. d4 Nxd5 4. c4 Nb6 5. Nf3 g6 6. Nc3 Bg7 7. Be3 0-0 8. h3 Nc6 9. Qd2 e5 10. d5 Nd4 11. Nxd4 exd4 12. Bxd4 Re8+ 13. Be3 Bd7 14. 0-0-0 Na4 15. Bd4 Nxc3 16. Bxc3 Bf5 17. b3 Bxc3 18. Qxc3 Qg5+ 19. Kb2 Bd7 20. h4 Qf4 21. Rd2 Re1 22. h5 Rae8 23. h6 Qe5 24. Qxe5 R8xe5 25. g3 Bg4 26. Rh4 Bf5 27. Bg2 R5e2 28. Rhd4 f6 29. Bf3 Rxd2+ 30. Rxd2 b6 31. b4 Kf7 32. c5 Rb1+ 33. Ka3 Rc1 34. d6 cxd6 35. cxd6 Rc3+ 36. Kb2 Rc8 37. Bd5+ Kf8 38. Bb3 Rd8 39. f3 g5 40. f4 gxf4 41. gxf4 Bg6 42. Bc2 Bxc2 43. Kxc2 f5 44. Kc3 Kf7 45. Kc4 Ke6 46. d7 a6 47. a4 Rxd7 48. Rxd7 Kxd7 49. Kd5 a5 50. b5 Ke7 51. Kc6 1-0